Estadísticas para Clubes por barrio de Buenos Aires

Haz click aquí para intentar la prueba.

Estadísticas generales

  • Esta prueba ha sido intentada 473 veces
    (471 desde el último reinicio)
  • La puntuación promedio es 12 de 18

Respuestas en el mapa

Las respuestas están codificadas por una escala verde-roja en el mapa de la prueba según el % correcto abajo.
 

Estadísticas de respuestas

BarrioClub% Correcto
La BocaBoca Juniors
100%
NúñezRiver Plate
93%
LiniersVélez Sársfield
90%
(Bajo) FloresSan Lorenzo
88%
Parque PatriciosHuracán
86%
La PaternalArgentinos Jrs
84%
CaballitoFerrocarril Oeste
77%
Villa CrespoAtlanta
75%
BarracasBarracas Central
74%
MataderosNueva Chicago
73%
FlorestaAll Boys
71%
NúñezDefensores de Belgrano
66%
(Bajo) BelgranoExcursionistas
48%
Villa SoldatiSacachispas
45%
AgronomíaComunicaciones
44%
Villa DevotoGral. Lamadrid
30%
Parque AvellanedaDeportivo Español
29%
Villa LuganoYupanqui
25%

Distribución de puntuación

Porcentaje por número respondido

Porcentaje de gente con cada puntuación

Historial de tus puntuaciones

No has intentado esta prueba desde el último reinicio